000 00263nam a22001217a 4500
082 _a158
_bKHE/F
100 _aKHERA,SHIV
245 _aFREEDOM IS NOT FREE
260 _aINDIA
_bMACMILLAN
300 _a223
650 _aPERSONALITY DEVELOPMENT
_zINDIA
942 _cBK
999 _c5304
_d5304